3 Books, 1 Common Word Quiz Stats

 Plays Quiz Updated Aug 27, 2014

Support Sporcle.
Go Orange.
Score 0/33 Timer 04:00
8 Plays Today
% Correct
Great
96.3%
Old
95.7%
Little
95.7%
Time
94.8%
Wild
94.7%
Island
94.3%
Secret
93.9%
Girl
93.6%
Golden
93.5%
Purple
92.5%
Black
91.5%
Room
90.9%
Tale
90.9%
Tree
89.9%
Day
89.9%
Stars
89.5%
Red
89.3%
% Correct
King
88.8%
Game
88.6%
Water
88.3%
House
88.3%
Road
87.9%
Lady
87.4%
Heart
87.2%
Man
86%
Moon
85.8%
Death
85%
Night
84.8%
Snow
84.5%
Lord
83.4%
Town
79.2%
Lake
78.6%
Light
78.3%

You're not logged in!

Compare scores with friends on all Sporcle quizzes.
OR
Log In

From the Vault

Song Title Endings: Rap Music

by lolshortee

We don't believe Jay-Z actually has 99 problems.
Remove Ads.
Support Sporcle.
Get the best of Sporcle when you Go Orange. This ad-free experience offers more features, more stats, and more fun while also helping to support Sporcle. Thank you for becoming a member.

Show Comments

Extras

Top Quizzes Today


Score Distribution

Your Account Isn't Verified!

In order to create a playlist on Sporcle, you need to verify the email address you used during registration. Go to your Sporcle Settings to finish the process.

Report this User

Report this user for behavior that violates our Community Guidelines.

Details: